MARC

LEADER 00000nam0a2200000 4500
001 326343
005 20231102003843.0
035 |a (RuTPU)RU\TPU\book\351978 
090 |a 326343 
100 |a 20161223d1972 m y0rusy50 ca 
101 0 |a rus 
102 |a RU 
105 |a a z 001zy 
200 1 |a Основы экономических знаний для рабочих  |f А. А. Баранов [и др.] 
210 |a Москва  |c Изд-во политической лит-ры  |d 1972 
215 |a 335 с.  |c ил. 
225 1 |a Система экономического образования 
320 |a Краткий терминологический словарь: с. 323-332 
606 1 |a Экономическая теория  |2 stltpush  |3 (RuTPU)RU\TPU\subj\26589  |9 50481 
610 1 |a экономические знания 
610 1 |a народное хозяйство 
610 1 |a СССР 
610 1 |a пятилетний план 
610 1 |a экономическая эффективность 
610 1 |a промышленные предприятия 
610 1 |a социалистическое производство 
610 1 |a управление 
610 1 |a планирование 
610 1 |a производительность 
610 1 |a труд 
610 1 |a продукция 
610 1 |a качество 
610 1 |a технический прогресс 
610 1 |a дисциплина труда 
610 1 |a оплата труда 
610 1 |a себестоимость 
610 1 |a хозрасчет 
610 1 |a социалистическое соревнование 
686 |a У011  |v LBC/SL-A  |2 rubbk 
701 1 |a Баранов  |b А. А. 
701 1 |a Медведев  |b В. А. 
701 1 |a Молдаван  |b В. С. 
701 1 |a Румянцев  |b А. Ф. 
801 1 |a RU  |b 63413507  |c 20161223 
801 2 |a RU  |b 63413507  |c 20161227  |g RCR 
942 |c BK